00323cam a2200121ua 4500041001000000082001600010100002200026245007300048260004500121300001200166504000500178700001800183 aengh a824bMAC/ES aMacular, Scoot .00aEssays on Goldsmith / cmaculary,Scott, Thackery.hTextual Documents a : bOxford & IBH Book Company , c1946. a200 ; . a1 aThackery, .